[Event "HCL-A057"]
[Site "www.playchess.de"]
[Date "2001.03.25"]
[Round "16"]
[White "dynamitedan"]
[Black "aldi"]
[WhiteElo "1939"]
[BlackElo "2231"]
[PlyCount "55"]
[Result "1-0"]

1.e4 e5 2.Nf3 d6 3.d4 exd4 4.Qxd4 Nc6 5.Bb5 Bd7 
6.Bxc6 Bxc6 7.O-O Nf6 {you look like michael 
palins twin brother hmmm!}  8.Nc3 {I wondered when 
someone would recognize the resemblance}  Be7 
9.Bg5 O-O 10.Rae1 Re8 11.Qd2 Nd7 12.Bxe7 Qxe7 
13.Nd4 a5 14.Nxc6 bxc6 {beware!!! the knights who 
say nee}  15.f4 {Only if the offer you a herring}  
a4 16.Qd4 Reb8 {oh please not the comfy chair}  
17.b3 {no one expects the Spanish Inquisition}  
axb3 18.cxb3 {dont forget the soft cushions and a 
nice cup of tea}  Nc5 19.e5 Ne6 {how about a 
norwegian blue (Beautiful plumage)}  20.Qc4 {This 
parrot wouldn't voom if you put 40 million volts 
through it. Its a stiff}  Rb6 21.f5 d5 22.Qd3 Qc5+ 
23.Kh1 Qd4 24.Qg3 Nc5 25.f6 Ne6 26.fxg7 Rb4 27.Qf3 
Nd8 28.e6 1-0

[Event "HCL-B068"]
[Site "www.playchess.de"]
[Date "2001.03.25"]
[Round "19"]
[White "trolo"]
[Black "Mathemagician"]
[WhiteElo "1798"]
[BlackElo "1412"]
[PlyCount "96"]
[Result "0-1"]

1.e4 c5 2.Nf3 d6 3.d4 cxd4 4.Nxd4 Nf6 5.Nc3 g6 
6.Be3 Bg7 7.Be2 O-O 8.O-O Nc6 9.f4 Bd7 10.h3 Rc8 
11.Nf3 Nh5 12.Rf2 Bxc3 13.bxc3 Ng3 14.Bd3 f5 
15.exf5 Nxf5 16.Bd2 e6 17.Rb1 b6 18.Re2 Ng3 19.Rf2 
Qf6 20.Ng5 Qe7 21.Qe1 h6 22.Ne4 Nxe4 23.Qxe4 Rf6 
24.c4 Be8 25.c3 Nd8 26.Re2 Nb7 27.Bc2 Na5 28.Bb3 
Bc6 29.Qd3 Rcf8 30.c5 d5 31.cxb6 axb6 32.Be3 Nxb3 
33.Rxb3 Kh7 34.Rxb6 Qd6 35.Qa6 e5 36.Bc1 Qc5+ 
37.Kh2 Qxc3 38.Bb2 Qc4 39.Qxc4 dxc4 40.Rxe5 Bd5 
41.Rxf6 Rxf6 42.Rxd5 Rxf4 43.Rd7+ Kg8 44.Rg7+ Kf8 
45.Rxg6 h5 46.Rg5 Rf2 47.Bh8 Rxa2 48.Rxh5 
Kg8 0-1

[Event "HCL-B131"]
[Site "www.playchess.de"]
[Date "2001.03.25"]
[Round "34"]
[White "MP"]
[Black "Denzil"]
[WhiteElo "1500"]
[BlackElo "1200"]
[PlyCount "62"]
[Result "0-1"]

1.e4 c5 2.Nf3 d6 3.d4 cxd4 4.Nxd4 Nf6 5.Nc3 a6 
6.Bg5 e6 7.f4 Be7 8.Qf3 Qc7 9.O-O-O Nbd7 10.Bd3 b5 
11.g4 Bb7 12.Bxf6 gxf6 13.Qf2 b4 14.Nce2 Nc5 
15.Qe3 d5 16.e5 Nxd3+ 17.Qxd3 fxe5 18.fxe5 Qxe5 
19.Rde1 Qg5+ 20.Qd2 Qxd2+ 21.Kxd2 Rg8 22.h3 Bh4 
23.Red1 Bg5+ 24.Ke1 Rc8 25.c3 a5 26.Nb5 Be7 
27.Nbd4 e5 28.Nf5 bxc3 29.Nxe7 Kxe7 30.Nxc3 d4 
31.Ne2 Bxh1 0-1

[Event "HCL-B138"]
[Site "www.playchess.de"]
[Date "2001.03.25"]
[Round "8"]
[White "BuckNaked"]
[Black "BOB"]
[WhiteElo "1422"]
[BlackElo "1652"]
[PlyCount "65"]
[Result "1-0"]

1.e4 c5 2.Nf3 Nc6 3.d4 cxd4 4.Nxd4 Nf6 5.Nc3 e5 
6.Ndb5 d6 7.Nd5 Nxd5 8.exd5 Ne7 9.Bc4 a6 10.Nc3 b5 
11.Bb3 Bf5 12.Be3 Rc8 13.O-O g6 14.g4 Bd7 15.f4 
Bg7 16.fxe5 Bxe5 17.Bh6 Qb6+ 18.Kh1 Qd4 19.Qxd4 
Bxd4 20.Ne4 Be5 21.Nxd6+ Bxd6 22.Bf4 Bxf4 23.Rxf4 
O-O 24.Re1 a5 25.Rxe7 Rcd8 26.c3 Bc8 27.Rd4 a4 
28.Bc2 Rfe8 29.d6 Kg7 30.Kg1 Be6 31.Rxe8 Rxe8 
32.Bd3 Bxa2 33.Bxb5 1-0

[Event "HCL-C098"]
[Site "www.playchess.de"]
[Date "2001.03.25"]
[Round "21"]
[White "Hanbei"]
[Black "soymilk"]
[WhiteElo "978"]
[BlackElo "1162"]
[PlyCount "134"]
[Result "1-0"]

1.Nc3 e5 2.Nf3 Nc6 3.d4 f6 4.d5 Na5 5.e4 b6 6.a3 
c6 7.b4 Nb7 8.dxc6 dxc6 9.Qxd8+ Kxd8 10.Be3 Bd6 
11.Rd1 Bg4 12.Be2 Ke7 13.h3 Bh5 14.Nh4 Bxe2 
15.Nxe2 Kf7 16.Nf5+ Ne7 17.Nc3 Bxe7 18.Nxe7 Rxd1 
19.O-O Rd8 20.Rxd1 Bxd8 21.Rxd8 c5 22.b5 Nd6 23.f4 
Nc4 24.Kf2 Nxe3 25.a4 Be7 26.Kxe3 Bd6 27.g4 exf4+ 
28.Nd5 Bxf4+ 29.Nxf4 Ke6 30.Kxf4 h6 31.h4 Kf7 
32.h5 Kf8 33.Kf5 Ke8 34.Ke6 Kf8 35.c4 fxe5 36.e5 
Ke7 37.Kxe5 Kf7 38.Kf5 hxg5 39.g5 Kf8 40.Kxg5 Kg8 
41.Kg6 gxh6 42.h6 Kf7 43.Kxh6 Ke6 44.Kg5 Kd6 
45.Kf4 Kc7 46.Ke4 Kb7 47.Kd5 Kc8 48.Kd6 Kb8 49.Kc6 
bxa5 50.a5 Kb7 51.Kxc5 a4 52.Kd4 a3 53.Kc3 a2 
54.Kb3 Kb6 55.Kxa2 Kc5 56.Kb3 a5 57.Kc3 Kb6 {Why 
are you saying "Yes"???}  58.bxa6 {Yes!}  Kxa7 
59.a7 Kb6 60.Kd4 Kc7 61.Kd5 Kb7 62.Kc5 Kc8 63.Kd6 
Kd8 64.c5 Kc8 65.c6 Kb7 66.c7 Kb6 67.Kd7 {You've 
lost, baby!}  c8Q 1-0

[Event "HCL-C148"]
[Site "www.playchess.de"]
[Date "2001.03.25"]
[Round "26"]
[White "RED_CHICKEN"]
[Black "German04"]
[WhiteElo "800"]
[BlackElo "1215"]
[PlyCount "40"]
[Result "0-1"]

1.e4 e5 2.Nf3 Nc6 3.Bc4 h6 4.d4 d6 5.dxe5 dxe5 
6.Qxd8+ Nxd8 7.Nxe5 Be6 8.Bxe6 Nxe6 9.Nc3 O-O-O 
10.Nxf7 Rh7 11.Nxd8 Nxd8 12.Be3 Nf6 13.Bxa7 Nc6 
14.Be3 Nb4 15.O-O-O Ng4 16.Rde1 g5 17.f3 Nxe3 
18.Re2 Nc4 19.a3 Na6 20.b3 Bxa3+ 0-1

[Event "ACL-A039"]
[Site "www.playchess.de"]
[Date "2001.03.25"]
[Round "16"]
[White "tuzlak"]
[Black "Brrrr"]
[WhiteElo "1500"]
[BlackElo "1500"]
[PlyCount "68"]
[Result "0-1"]

1.e4 c5 2.Nc3 Nc6 3.Nf3 g6 4.Bc4 Bg7 5.Ng5 e6 6.d3 
Nge7 7.Nb5 d5 8.exd5 exd5 9.Qf3 Ne5 10.Qe3 dxc4 
11.dxc4 a6 12.Nc3 Bf5 13.Nge4 b6 14.O-O Qd4 15.Rd1 
Qxe3 16.Nd6+ Kf8 17.Bxe3 Bxc2 18.Rd2 Rd8 19.b3 Bd3 
20.Nb7 Rd7 21.f4 Nxc4 22.bxc4 Bxc3 23.Rad1 Bxd2 
24.Rxd2 Bf5 25.Nd8 Rxd2 26.Bxd2 Be4 27.Bc3 Rg8 
28.Be5 g5 29.g3 gxf4 30.Bxf4 Ke8 31.Bc7 Nc8 32.a3 
Rf8 33.Kf2 Kd7 34.Bf4 Rxd8 0-1

[Event "ACL-A062"]
[Site "www.playchess.de"]
[Date "2001.03.25"]
[Round "14"]
[White "babycakes"]
[Black "ictus"]
[WhiteElo "1391"]
[BlackElo "1500"]
[PlyCount "42"]
[Result "0-1"]

1.d4 e6 2.e4 d5 3.Nd2 Nf6 4.e5 Nfd7 5.c4 c5 6.Qa4 
Nc6 7.cxd5 exd5 8.dxc5 Bxc5 9.Bb5 Ncxe5 10.Ngf3 
Nxf3+ 11.Nxf3 O-O 12.Bg5 Re8+ 13.Kf1 Qc7 14.Rc1 b6 
15.b4 a6 16.bxc5 Nxc5 17.Qa3 axb5 18.Qxa8 Kf8 
19.Qxd5 Bb7 20.Qf5 Bc8 21.Qxh7 
Qd6 0-1

[Event "ACL-A065"]
[Site "www.playchess.de"]
[Date "2001.03.25"]
[Round "1"]
[White "Hermi"]
[Black "Goofy"]
[WhiteElo "2070"]
[BlackElo "1740"]
[PlyCount "69"]
[Result "1-0"]

1.d4 Nf6 2.c4 g6 3.Nc3 d5 4.Nf3 Bg7 5.Qb3 dxc4 
6.Qxc4 O-O 7.e4 c6 8.Qb3 b5 9.e5 Be6 10.Qd1 Nd5 
11.Bd3 h6 12.O-O Nd7 13.Bd2 Nxc3 14.bxc3 Bd5 15.a4 
a6 16.axb5 cxb5 17.Qc1 Kh7 18.Qc2 Bxf3 19.gxf3 Nb6 
20.Kh1 Qd7 21.Rfg1 Qe6 22.f4 Kh8 23.f5 gxf5 
24.Bxf5 Qc6+ 25.Be4 Nd5 26.Qd3 f5 27.Bf3 e6 28.Rg6 
{ein wenig will ich noch spielen, hoffe auf der 
g-Linie noch zum zug zu kommen...}  Kh7 29.Rag1 
Ra7 30.Bxh6 Rff7 31.Qf1 Qxc3 32.Qh3 Kg8 33.Rxe6 
Ne7 34.Rd6 b4 35.Rd8+ 1-0

[Event "ACL-E001"]
[Site "www.playchess.de"]
[Date "2001.03.25"]
[Round "4"]
[White "mhansen"]
[Black "oliver"]
[WhiteElo "1938"]
[BlackElo "2024"]
[PlyCount "72"]
[Result "0-1"]

1.e4 e6 2.d4 d5 3.e5 c5 4.c3 Nc6 5.Nf3 Qb6 6.a3 
Nh6 7.b4 cxd4 8.Bxh6 gxh6 9.cxd4 Rg8 10.Nc3 Bd7 
11.Rc1 Rc8 12.g3 Nxb4 13.axb4 Qxb4 14.Qd2 Qa3 
15.Be2 Bb4 16.O-O Bxc3 17.Qxh6 Qf8 18.Qxh7 b5 
19.Qb1 b4 20.Qa2 Rc7 21.Rcb1 Bc6 22.Rfc1 Kd7 
23.Qa5 Qd8 24.Ba6 Qe7 25.Ne1 Bxd4 26.Bb5 Rb8 
27.Bxc6+ Rxc6 28.Qa4 Rbc8 29.Rxc6 Rxc6 30.Nd3 Bc3 
31.Rxb4 Bxb4 32.Nxb4 Qc5 33.Nxc6 Qxc6 34.Qxa7+ Ke8 
35.Qd4 Qc2 36.h4 Qf5 0-1

[Event "HCL-C152"]
[Site "www.playchess.de"]
[Date "2001.03.25"]
[Round "2"]
[White "sonnyspock"]
[Black "dg"]
[WhiteElo "1193"]
[BlackElo "1223"]
[PlyCount "117"]
[Result "1-0"]

1.e4 e5 2.Nf3 Nc6 3.Bc4 Nf6 4.Ng5 d5 5.exd5 Nxd5 
6.d4 exd4 7.O-O Be7 8.Nxf7 Kxf7 9.Qf3+ Ke8 10.Bxd5 
Rf8 11.Qe4 Qd6 12.Re1 Qf6 13.f3 Bf5 14.Bxc6+ bxc6 
15.Qe2 Rf7 16.Nd2 O-O-O 17.Qa6+ Kb8 18.Nc4 c5 
19.Qb5+ Ka8 20.Na5 Qb6 21.Qc6+ Qxc6 22.Nxc6 Rd7 
23.Ne5 Bd6 24.Nxd7 Rxd7 25.c3 d3 26.Bd2 Kb7 27.g4 
Bg6 28.a3 c4 29.h4 h6 30.h5 Bh7 31.Re6 Bg8 32.Re4 
Bd5 33.Rd4 Bc5 34.Kg2 Bxd4 35.cxd4 Bc6 36.Bc3 Re7 
37.Kg3 Re2 38.Rd1 Ba4 39.Rd2 Re3 40.Kf4 Re2 
41.Rxe2 dxe2 42.Kf5 Bc6 43.f4 Be8 44.Ke6 g6 
45.hxg6 Bxg6 46.Kf6 Be8 47.d5 Kc8 48.g5 h5 49.Be1 
Kd7 50.g6 {Yourbishopwillmake a difficult 
decision.}  Bxg6 51.Kxg6 Ke7 52.f5 Kf8 53.Kxh5 {.} 
 Kf7 54.Kg5 a6 55.f6 Kf8 56.Kg6 Kg8 57.f7+ Kf8 
58.Bb4+ c5 59.Bxc5+ 1-0

[Event "ACL-A078"]
[Site "www.playchess.de"]
[Date "2001.03.25"]
[Round "27"]
[White "guerino"]
[Black "iq160"]
[WhiteElo "1500"]
[BlackElo "1676"]
[PlyCount "80"]
[Result "0-1"]

1.e4 c5 2.Nf3 e6 3.d4 cxd4 4.Nxd4 Nc6 5.Nc3 Qc7 
6.Be3 a6 7.Qd2 Nf6 8.f3 Nxd4 9.Bxd4 e5 10.Be3 Bb4 
11.Be2 b5 12.a3 Bxc3 13.bxc3 h6 14.Rd1 Bb7 15.O-O 
d5 16.Bd3 dxe4 17.fxe4 Nxe4 18.Bxe4 Bxe4 19.Bf2 
O-O 20.Rfe1 Rad8 21.Qe3 Rxd1 22.Rxd1 Bxc2 23.Rd2 
Bb3 24.Bg3 Re8 25.Re2 f6 26.h3 Rc8 27.Be1 Rd8 
28.Rd2 Rxd2 29.Bxd2 Qd6 30.Kf2 Qxa3 31.Ke2 Bc4+ 
32.Kf2 Qa2 33.Kf3 a5 34.g4 a4 35.h4 a3 36.g5 hxg5 
37.hxg5 Qb1 38.gxf6 a2 39.Qg5 Qf1+ 40.Ke3 
Qxf6 0-1

[Event "HCL-M011"]
[Site "www.playchess.de"]
[Date "2001.03.25"]
[Round "2"]
[White "Botwinnik"]
[Black "Bronislaw"]
[WhiteElo "2200"]
[BlackElo "2326"]
[PlyCount "32"]
[Result "0-1"]

1.d4 g6 2.c4 Bg7 {Hi! I'm from Romania. Good Luck 
!}  3.e4 Nc6 4.Be3 e5 5.Ne2 exd4 6.Nxd4 Qf6 7.Nxc6 
Qxc6 8.Qc2 Nf6 9.Bd3 Ng4 10.Bd2 Bd4 11.Bc3 Qd6 
12.Bxd4 Qxd4 13.O-O Qe5 14.g3 d6 15.Nc3 Qh5 16.h4 
Bd7 0-1

[Event "HCL-A071"]
[Site "www.playchess.de"]
[Date "2001.03.25"]
[Round "32"]
[White "Bishopf7"]
[Black "Kaiko"]
[WhiteElo "1700"]
[BlackElo "1700"]
[PlyCount "32"]
[Result "0-1"]

1.d4 Nf6 2.c4 g6 3.Nc3 Bg7 4.e4 O-O 5.Be3 Nc6 6.d5 
Nb4 7.Nf3 Ng4 8.Bc5 Na6 9.Bd4 Bxd4 10.Qxd4 e5 
11.e6 dxe6 12.Qxd8 Rxd8 13.Be2 Nc5 14.O-O b6 
15.Rad1 Bb7 16.Nd2 Ne5 0-1

[Event "HCL-A072"]
[Site "www.playchess.de"]
[Date "2001.03.25"]
[Round "21"]
[White "teenspirit"]
[Black "Fuky"]
[WhiteElo "1762"]
[BlackElo "1700"]
[PlyCount "23"]
[Result "1-0"]

1.d4 {Hi fuky}  d5 2.Nf3 e6 {hi and good luck}  
3.c4 Nf6 4.Nc3 Nbd7 5.Bg5 Be7 6.e3 O-O 7.Rc1 c6 
8.Bd3 dxc4 9.Bxc4 b5 10.Bd3 a6 11.a4 Nd5 
12.Bxe7 1-0

[Event "ACL-E003"]
[Site "www.playchess.de"]
[Date "2001.03.25"]
[Round "2"]
[White "traga"]
[Black "Mathemagician"]
[WhiteElo "1838"]
[BlackElo "1730"]
[PlyCount "44"]
[Result "1/2-1/2"]

1.e4 c5 2.Nf3 a6 3.Nc3 Nc6 4.d4 cxd4 5.Nxd4 e5 
6.Nf3 Nf6 7.a3 Bc5 8.Bd3 O-O 9.Nd5 h6 10.O-O d6 
11.b4 Bb6 12.Nxb6 Qxb6 13.Bb2 Be6 14.h3 Rac8 
15.Qd2 a5 16.Rfb1 axb4 17.axb4 Rca8 18.b5 Ne7 
19.Bc3 Rfc8 20.Ra5 Qc7 21.Rba1 Rxa5 22.Bxa5 
b6 1/2-1/2

[Event "HCL-A073"]
[Site "www.playchess.de"]
[Date "2001.03.25"]
[Round "23"]
[White "Blunderer"]
[Black "peze"]
[WhiteElo "1945"]
[BlackElo "1966"]
[PlyCount "68"]
[Result "0-1"]

1.e4 e5 2.Nf3 Nf6 3.Nc3 {Hi, I hate petrof}  Nc6 
{What a pity! :-)}  4.Bb5 Nd4 5.Bc4 d6 6.O-O Bg4 
7.Be2 Nxe2+ 8.Qxe2 Nd7 9.d3 c6 10.Qe3 Qf6 11.Ne1 
Qg6 12.f4 d5 13.f5 Qh5 14.Qg3 Bc5+ 15.Kh1 d4 16.h3 
dxc3 17.Qxg4 cxb2 18.Bxb2 Qxg4 19.hxg4 h6 20.Nf3 
f6 21.c3 O-O-O 22.d4 Bd6 23.Rfe1 Nb6 24.Rab1 Nc4 
25.Re2 Rhe8 26.Bc1 Re7 27.Kg1 Rde8 28.d5 cxd5 
29.exd5 Rd8 30.Nd2 Rc7 31.Kh2 Nb6 32.c4 Nxc4 
33.Ne4 Bc5 34.Rc2 Bf8 0-1

[Event "HCL-C162"]
[Site "www.playchess.de"]
[Date "2001.03.25"]
[Round "30"]
[White "lienk"]
[Black "xantia3"]
[WhiteElo "1138"]
[BlackElo "1640"]
[PlyCount "64"]
[Result "0-1"]

1.e4 e5 2.Nf3 Nf6 3.Nxe5 d6 4.Nf3 Nxe4 5.Qe2 Qe7 
6.d4 Bg4 7.Nbd2 Nxd2 8.Bxd2 Bxf3 9.gxf3 d5 
10.O-O-O Qxe2 11.Bxe2 Bd6 12.c4 Nc6 13.c5 Nxd4 
14.cxd6 Nxe2+ 15.Kb1 O-O-O 16.dxc7 Rd7 17.Rhe1 Nd4 
18.Bf4 Ne6 19.Be5 Re8 20.Bg3 Nxc7 21.Bxc7 Rxe1 
22.Rxe1 Kxc7 23.Rc1+ Kd6 24.a3 Re7 25.Ka2 Re2 
26.Rf1 d4 27.Kb3 Kd5 28.a4 g5 29.h3 f5 30.Ka2 d3 
31.Kb1 d2 32.Kc2 Re1 0-1

[Event "HCL-C162"]
[Site "www.playchess.de"]
[Date "2001.03.25"]
[Round "34"]
[White "mcfiskal"]
[Black "xantia3"]
[WhiteElo "1000"]
[BlackElo "1640"]
[PlyCount "24"]
[Result "0-1"]

1.e4 e5 2.Nf3 Nf6 3.d4 Nxe4 4.Bd3 d5 5.Nxe5 Nd7 
6.O-O Nxe5 7.dxe5 Nc5 8.Bd2 Nxd3 9.cxd3 Be7 10.d4 
O-O 11.Nc3 c6 12.Be3 Bf5 0-1

[Event "HCL-E022"]
[Site "www.playchess.de"]
[Date "2001.03.25"]
[Round "1"]
[White "Goofy"]
[Black "Anicca"]
[WhiteElo "2169"]
[BlackElo "1933"]
[PlyCount "51"]
[Result "1-0"]

1.d4 d5 2.Nf3 Nf6 3.c4 c6 4.Nc3 a6 5.a4 e6 6.Bg5 
Nbd7 7.e4 dxe4 8.Nxe4 Bb4+ 9.Nc3 O-O 10.Bd3 Qa5 
11.Qc2 h6 12.h4 c5 13.Kf1 cxd4 14.Nxd4 e5 15.Nf5 
Bxc3 16.bxc3 Re8 17.Re1 Qc7 18.Qd2 e4 19.Nxg7 Kxg7 
20.Bxh6+ Kh7 21.Qg5 Rg8 22.Qf5+ Kh8 23.Rxe4 Qd6 
24.Rd4 Qa3 25.Rxd7 Qa1+ 26.Bb1 1-0

[Event "HCL-B177"]
[Site "www.playchess.de"]
[Date "2001.03.25"]
[Round "5"]
[White "soymilk"]
[Black "GANT"]
[WhiteElo "1187"]
[BlackElo "1200"]
[PlyCount "56"]
[Result "0-1"]

1.Nf3 d5 {Hello Soymilk}  2.g3 {Hello Gant. How 
long have you been playing chess?}  e6 {I think i 
have played chesss for two years now. And you?}  
3.Bg2 {I have played for about two years also. How 
old are you?}  Nf6 {GUESS}  4.O-O {I'll take a 
wild guess and say 20?}  c5 {No, Im just thirteen. 
I like to play on this site because one has a lot 
of time for each move.}  5.d3 {Hmmm.. you are 13. 
You kow, I usually loss to young players like 
yourself when I play in OTB tournys}  Bd6 6.Nbd2 
O-O 7.e4 dxe4 8.dxe4 Nc6 9.Re1 Bc7 10.b3 b6 11.Bb2 
e5 12.Nc4 Qe7 13.Qe2 Ba6 14.Rad1 Rad8 15.Rd2 Rxd2 
16.Nfxd2 Rd8 17.Rd1 Nd4 18.Qd3 Qe6 19.Kf1 Nxb3 
20.Qxb3 Rxd2 21.Rxd2 Bxc4+ 22.Qxc4 Qxc4+ 23.Kg1 
Qxa2 24.Bxe5 Qb1+ 25.Bf1 Nxe4 26.Rd7 Qe1 27.Kg2 
Qxf2+ 28.Kh3 Qf5+ 0-1

[Event "HCL-C185"]
[Site "www.playchess.de"]
[Date "2001.03.25"]
[Round "5"]
[White "Davey"]
[Black "chvs2002"]
[WhiteElo "1000"]
[BlackElo "1000"]
[PlyCount "22"]
[Result "0-1"]

1.e4 e5 2.Nf3 Nc6 3.Bc4 d6 4.d3 a6 5.Ng5 Nh6 6.Qf3 
Qe7 7.Nc3 Nd4 8.Qd1 Bg4 9.Nd5 Qd7 10.f3 Bh5 11.Nc3 
O-O-O 0-1

[Event "HCL-C185"]
[Site "www.playchess.de"]
[Date "2001.03.25"]
[Round "14"]
[White "kldr"]
[Black "Davey"]
[WhiteElo "1646"]
[BlackElo "1000"]
[PlyCount "21"]
[Result "1-0"]

1.d4 {Hello Davey, good luck and an interesting 
game. Klaus}  e6 2.c4 c6 3.Nf3 d5 4.e3 {Where do 
you live, Davey?}  Bb4+ 5.Bd2 Na6 {London, You, 
Your good at chess arn't you}  6.Be2 {Like London 
very much.Confused about British flag.From 
Essen,Ruhrdistrict.Not too bad at chess.}  Nf6 {It 
is the St Georges Cross, English Flag}  7.O-O {I 
see.Have been in London 3 times.which part do you 
live in?}  Ne4 8.Bxb4 Nxb4 9.Qa4 Qe7 10.a3 {How 
are you, Davey?}  b5 11.Qxb4 1-0

[Event "HCL-B185"]
[Site "www.playchess.de"]
[Date "2001.03.25"]
[Round "5"]
[White "SAROS"]
[Black "quant"]
[WhiteElo "1354"]
[BlackElo "1260"]
[PlyCount "74"]
[Result "0-1"]

1.e4 {Hello}  e5 {selam Turk basarilar}  2.Nf3 
{merhaba , bu ne guzel manzara , iki Turk bayragi 
.... sana da basarilar}  Nc6 {evet...nerede 
yasiyorsun?}  3.Bb5 {istanbul-acibadem , adým 
Metin , evli 1 erkek cocuk sahibi ( 5 yaþ ))}  a6 
{ben de ODTU Fizik bolumun de okuyorum   aslen 
Trabzonluyum}  4.Bxc6 dxc6 {Allah bagislasin}  
5.O-O {saol}  f6 6.c3 Bc5 7.d4 exd4 8.cxd4 {yine 
yaptilar yapacaklarini , ekonomiyi berbat 
ettiler....}  Bd6 {onlara bisey olmaz olan bize 
olur}  9.Nbd2 {orasi dogru da biz niye defalarca 
bu adamlari basa getiriyoruz onu anlamiyorum.}  
Bg4 {cunku aptaliz}  10.Qb3 {aptal cogunlugun 
ceremesini kendileri cekerken biz de cekiyoruz 
maalesef}  Qc8 11.Re1 Be6 12.d5 Bf7 13.Qa4 Ne7 
14.Nd4 b5 15.Qc2 cxd5 16.exd5 O-O 17.Re3 Nxd5 
18.Rh3 Bg6 19.Qb3 c6 20.Nf1 Kh8 21.Bd2 {iyi 
bayramlar}  Be5 {iyi bayramlar}  22.Nf3 Bf4 23.Rc1 
Qd7 24.Rd1 Bxd2 25.N3xd2 Nf4 26.Re3 Qd5 27.Qxd5 
Nxd5 28.Re6 Rac8 29.Rc1 c5 30.Rxa6 Rfd8 31.Ra5 Be8 
32.Nb3 c4 33.Nd4 b4 34.g3 c3 35.bxc3 Nxc3 36.Rxc3 
bxc3 37.Nb3 c2 0-1

[Event "HCL-B185"]
[Site "www.playchess.de"]
[Date "2001.03.25"]
[Round "17"]
[White "quant"]
[Black "real1"]
[WhiteElo "1260"]
[BlackElo "1200"]
[PlyCount "99"]
[Result "1/2-1/2"]

1.e4 {hi good luck}  c5 {hi, good luck to you too} 
 2.Nf3 Nc6 3.d4 cxd4 4.Nxd4 d5 5.Bb5 Qd6 6.exd5 
Qxd5 7.O-O Bd7 8.Nxc6 bxc6 9.Qxd5 cxd5 10.Bxd7+ 
Kxd7 11.Rd1 e6 12.c4 Nf6 13.Nc3 Kc6 14.cxd5+ Nxd5 
15.Nxd5 exd5 16.Bf4 a5 17.Rac1+ Bc5 18.Be5 Rac8 
19.Bxg7 Rhe8 20.Bd4 Kd6 21.Bxc5+ Rxc5 22.Rxc5 Kxc5 
23.Kf1 Rb8 24.b3 d4 25.Ke2 Rd8 26.Kd3 f5 27.Rc1+ 
Kd5 28.Rc4 Ke5 29.Rc5+ Kf4 30.Rxa5 h5 31.Ra4 h4 
32.Rxd4+ Rxd4+ 33.Kxd4 h3 34.g3+ Kf3 35.a3 Kg2 
36.b4 {i mada a mistake i wrote a3 instead of a4}  
Kxh2 37.b5 Kg1 38.b6 h2 39.b7 h1Q {%}  40.b8Q {%}  
Qe4+ 41.Kc3 Qf3+ 42.Kb4 Qe4+ 43.Ka5 Qd5+ 44.Qb5 
Qa8+ 45.Kb4 Qe4+ 46.Qc4 Kxf2 47.a4 Kxg3 48.a5 
Qxc4+ 49.Kxc4 f4 50.a6 1/2-1/2

[Event "HCL-B190"]
[Site "www.playchess.de"]
[Date "2001.03.25"]
[Round "29"]
[White "sundfar"]
[Black "samar"]
[WhiteElo "1200"]
[BlackElo "1483"]
[PlyCount "62"]
[Result "0-1"]

1.e4 d5 2.e5 Bf5 3.d4 e6 4.Nf3 c5 5.Bb5+ Nc6 6.O-O 
Nge7 7.dxc5 a6 8.Bd3 Bg4 9.h3 Bxf3 10.Qxf3 Nxe5 
11.Qe2 N7c6 12.Bf4 Nxd3 13.Qxd3 Bxc5 14.Qc3 Qb6 
15.Qxg7 O-O-O 16.Nc3 Rdf8 17.Na4 Qb4 18.Nxc5 Qxf4 
19.Nd3 Qh4 20.b3 Rhg8 21.Qc3 Qxh3 22.g3 Rxg3+ 
23.fxg3 Qxg3+ 24.Kh1 Qh3+ 25.Kg1 Rg8+ 26.Kf2 Rg2+ 
27.Ke1 Qe3+ 28.Kd1 Qe2+ 29.Kc1 d4 30.Qc5 Qxf1+ 
31.Kb2 Qxd3 0-1

[Event "HCL-A088"]
[Site "www.playchess.de"]
[Date "2001.03.25"]
[Round "1"]
[White "Rparkes"]
[Black "peze"]
[WhiteElo "1700"]
[BlackElo "2005"]
[PlyCount "64"]
[Result "0-1"]

1.d4 Nf6 {Hello and good luck!}  2.c4 e6 3.Nf3 b6 
4.Bg5 Bb7 5.Nc3 h6 6.Bh4 g5 7.Bg3 Nh5 8.e4 Nxg3 
9.hxg3 Bg7 10.Be2 g4 11.Ne5 h5 12.Qa4 Qg5 13.Rd1 
Bxe5 14.dxe5 Qxe5 15.Qb5 c5 16.Qb3 Bxe4 17.Nxe4 
Qxe4 18.f3 Qe5 19.fxg4 hxg4 20.Rxh8+ Qxh8 21.Bxg4 
Nc6 22.Bf3 O-O-O 23.Bxc6 dxc6 24.Rxd8+ Kxd8 25.Qa4 
Qe5+ 26.Kf1 Qe4 27.Qa6 Qb1+ 28.Kf2 Qxb2+ 29.Kg1 
Qd4+ 30.Kh2 Qd7 31.a4 Ke7 32.a5 b5 {b5 ??} 
 0-1

[Event "HCL-C196"]
[Site "www.playchess.de"]
[Date "2001.03.25"]
[Round "19"]
[White "Edik"]
[Black "rayaryura"]
[WhiteElo "677"]
[BlackElo "1000"]
[PlyCount "25"]
[Result "1-0"]

1.e4 e5 2.Nf3 Nc6 3.Bb5 Nf6 4.O-O Nxe4 5.Re1 Nd6 
6.Bxc6 bxc6 7.Rxe5+ Be7 8.Qe2 Nf5 9.Rxf5 d5 10.Re5 
Be6 11.d4 h6 12.Nc3 O-O 13.Rxe6 1-0

[Event "HCL-C196"]
[Site "www.playchess.de"]
[Date "2001.03.25"]
[Round "20"]
[White "rayaryura"]
[Black "Venezuela"]
[WhiteElo "1000"]
[BlackElo "1000"]
[PlyCount "32"]
[Result "0-1"]

1.e4 e5 {Good Luck!}  2.Nc3 {dime si quieres jugar 
mas de un move por dia}  Nf6 {Si, tratare de jugar 
varias veces al dia. De donde eres y en que parte 
de USA vives?}  3.Nf3 {soy de buenos aires y 
canada, un lugar que se llama saskatchewan. ahora 
vivo en nueva york,la ciudad}  d5 {Yo soy 
venezolano pero tengo dos anos viviendo en 
Jacksonville, Fl.}  4.exd5 {que bueno}  e4 5.Nd4 
g6 6.Nxe4 Nxe4 7.Qe2 Qxd5 8.c3 Be7 9.d3 Nd6 10.Be3 
b5 11.Qd2 a5 12.b3 Qb7 13.h3 b4 14.c4 Bf6 {Pense 
que no ibas a jugar mas.}  15.Be2 Qxg2 16.O-O-O 
Qb7 0-1

[Event "ACL-A105"]
[Site "www.playchess.de"]
[Date "2001.03.25"]
[Round "21"]
[White "patzer"]
[Black "Kbeza2"]
[WhiteElo "1485"]
[BlackElo "1500"]
[PlyCount "35"]
[Result "1-0"]

1.e4 d5 2.exd5 Qxd5 3.Nc3 Qa5 4.d4 c6 5.Nf3 Nf6 
6.Bc4 Bg4 7.O-O e6 8.Re1 Bd6 9.Qd3 O-O 10.Bg5 Bxf3 
11.Bxf6 Bxg2 12.Kxg2 gxf6 13.Ne4 Be7 14.Reg1 Kh8 
15.Kh1 Nd7 16.Rg3 Rfg8 17.Rag1 f5 
18.Nd2 1-0

[Event "ACL-M001"]
[Site "www.playchess.de"]
[Date "2001.03.25"]
[Round "9"]
[White "rht341"]
[Black "Utesch"]
[WhiteElo "2088"]
[BlackElo "1855"]
[PlyCount "72"]
[Result "1/2-1/2"]

1.e4 {Hello!}  c5 2.Nf3 e6 3.d4 cxd4 4.Nxd4 Qb6 
5.Nb3 Qc7 6.Nc3 a6 7.Be2 Nf6 8.O-O b5 9.Bf3 Nc6 
10.Bg5 Be7 11.a3 Bb7 12.Re1 Ne5 13.Bf4 d6 14.Nc1 
O-O 15.Nd3 Nxf3+ 16.Qxf3 Nxe4 17.Nxe4 f5 18.Ndc5 
fxe4 19.Nxe6 Qc4 20.Qg4 Rf7 21.b3 Qxc2 22.Rac1 
Qxb3 23.Re3 Qa2 24.Rec3 h5 25.Qg6 Bf6 26.Ng5 Bxg5 
27.Qxg5 Raf8 28.R3c7 Qxa3 29.Rxf7 Rxf7 30.Be3 d5 
31.Bd4 Qd6 32.Qxh5 Qf4 33.Rc2 e3 34.Qd1 exf2+ 
35.Rxf2 Qc7 36.Rxf7 Qxf7 {Well played! See you in 
Class X again.}  1/2-1/2

[Event "ACL-M001"]
[Site "www.playchess.de"]
[Date "2001.03.25"]
[Round "10"]
[White "peze"]
[Black "rht341"]
[WhiteElo "1908"]
[BlackElo "2088"]
[PlyCount "72"]
[Result "1/2-1/2"]

1.e4 {Hello again!}  c5 2.Nf3 d6 {Hello yet 
again!!!}  3.d4 {:-)}  cxd4 4.Nxd4 Nf6 5.Nc3 a6 
6.Be3 e6 7.g4 h6 8.Qf3 Nbd7 9.Qh3 Ne5 10.f3 Ng6 
11.O-O-O b5 12.Qg2 b4 13.Nc6 Qc7 14.Nxb4 d5 15.Nd3 
Bb7 16.h4 dxe4 17.fxe4 {An isolated pawn! :-(}  
Rc8 18.Nf2 Bc5 {You have it well protected :(}  
19.Bxc5 {...nevertheless unpleasant :(}  Qxc5 
{True :)}  20.Qg3 O-O 21.Rh3 {Complicated 
positionbecause of the pawn e4!}  Rc7 {Quite :)}  
22.Rh2 Rfc8 23.g5 Nh5 24.Qf3 Qa5 25.gxh6 R7xc3 
{This game is making me crazy!}  26.bxc3 {Hot, 
hot, hot !! :-)}  Qa3+ 27.Kd2 Qd6+ 28.Ke1 Qxh2 
29.Qxh5 Qf4 30.Qg5 Qxh4 31.Qxh4 Nxh4 32.Rb1 Rc7 
33.hxg7 Kxg7 34.Bd3 Nf3+ 35.Ke2 Ne5 36.Rb6 {Hello 
Richard! I think the game is draw!}  Nd7 {I think 
you're right...hard to believe after how wild the 
game was!}  1/2-1/2

[Event "ACL-A107"]
[Site "www.playchess.de"]
[Date "2001.03.25"]
[Round "5"]
[White "BELAJ_BOY"]
[Black "Controler"]
[WhiteElo "1500"]
[BlackElo "1500"]
[PlyCount "39"]
[Result "1-0"]

1.e4 {hi...good luck!}  d5 {Hallo! Good luck!}  
2.exd5 Qxd5 3.Nc3 Qd7 4.d4 e6 5.Nf3 Nc6 6.a3 Nf6 
7.Be3 Bd6 8.h3 O-O 9.Bd3 b6 10.O-O a5 11.Bb5 Ba6 
12.Qd3 g6 13.Bxa6 Rfe8 14.Bb5 Nd5 15.Nxd5 exd5 
16.Qc3 Rab8 17.Bxc6 Bb4 18.axb4 axb4 19.Bxd7 Re7 
20.Qxc7 1-0